<?xml version="1.0" encoding="UTF-8"?>
<record
    xmlns:xsi="http://www.w3.org/2001/XMLSchema-instance"
    xsi:schemaLocation="http://www.loc.gov/MARC21/slim http://www.loc.gov/standards/marcxml/schema/MARC21slim.xsd"
    xmlns="http://www.loc.gov/MARC21/slim">

  <leader>00863nam a22002417a 4500</leader>
  <controlfield tag="001">BRCA_9388</controlfield>
  <controlfield tag="003">FranzMayer</controlfield>
  <controlfield tag="005">20230918124459.0</controlfield>
  <controlfield tag="008">230901b        |||||||| |||| 00| 0 eng d</controlfield>
  <datafield tag="020" ind1=" " ind2=" ">
    <subfield code="a">0812097726</subfield>
  </datafield>
  <datafield tag="040" ind1=" " ind2=" ">
    <subfield code="a">MFM</subfield>
    <subfield code="b">ESPA&#xD1;OL</subfield>
    <subfield code="c">MFM</subfield>
  </datafield>
  <datafield tag="050" ind1=" " ind2="0">
    <subfield code="a">NK1452</subfield>
    <subfield code="b">H38 1996</subfield>
  </datafield>
  <datafield tag="100" ind1="1" ind2=" ">
    <subfield code="4">Autor</subfield>
    <subfield code="a">Hauffe, Thomas</subfield>
    <subfield code="9">29472</subfield>
  </datafield>
  <datafield tag="240" ind1=" " ind2=" ">
    <subfield code="a">Design</subfield>
    <subfield code="h">An illustrated historical overview</subfield>
    <subfield code="l">Ingl&#xE9;s</subfield>
  </datafield>
  <datafield tag="245" ind1="0" ind2=" ">
    <subfield code="a">Design</subfield>
    <subfield code="b">An illustrated historical overview</subfield>
  </datafield>
  <datafield tag="260" ind1=" " ind2=" ">
    <subfield code="a">Italia</subfield>
    <subfield code="b">Barrons</subfield>
    <subfield code="c">1996</subfield>
  </datafield>
  <datafield tag="300" ind1=" " ind2=" ">
    <subfield code="a">192 p</subfield>
    <subfield code="b">Ilustraciones a color</subfield>
    <subfield code="c">20 cm</subfield>
  </datafield>
  <datafield tag="500" ind1=" " ind2=" ">
    <subfield code="a">Anexo 1</subfield>
  </datafield>
  <datafield tag="500" ind1=" " ind2=" ">
    <subfield code="a">Incluye una dedicatoria en la primer p&#xE1;gina</subfield>
  </datafield>
  <datafield tag="505" ind1=" " ind2=" ">
    <subfield code="a">Texto en: ingl&#xE9;sIncluye &#xED;ndice tem&#xE1;ticoIncluye bibliograf&#xED;aDirigido a: artistas, historiadores del arte y dise&#xF1;adores</subfield>
  </datafield>
  <datafield tag="650" ind1="1" ind2=" ">
    <subfield code="2">Artes visuales</subfield>
    <subfield code="a">Dise&#xF1;o</subfield>
    <subfield code="v">Historia del dise&#xF1;o</subfield>
    <subfield code="9">29473</subfield>
  </datafield>
  <datafield tag="942" ind1=" " ind2=" ">
    <subfield code="2">lcc</subfield>
    <subfield code="c">B</subfield>
  </datafield>
  <datafield tag="999" ind1=" " ind2=" ">
    <subfield code="c">11010</subfield>
    <subfield code="d">11010</subfield>
  </datafield>
  <datafield tag="952" ind1=" " ind2=" ">
    <subfield code="0">0</subfield>
    <subfield code="1">0</subfield>
    <subfield code="2">lcc</subfield>
    <subfield code="4">0</subfield>
    <subfield code="7">0</subfield>
    <subfield code="8">FCON</subfield>
    <subfield code="a">BRCA</subfield>
    <subfield code="b">BRCA</subfield>
    <subfield code="d">2023-09-01</subfield>
    <subfield code="l">0</subfield>
    <subfield code="o">NK1452 H38 1996</subfield>
    <subfield code="p">CONT10156</subfield>
    <subfield code="r">2023-09-01 00:00:00</subfield>
    <subfield code="w">2023-09-01</subfield>
    <subfield code="y">B</subfield>
  </datafield>
</record>
